Сборник трудов Отделения Военно-научного общества при Военно-академических курсах высшего комсостава Р.К.-К.А. Т.3 (Запись № 13483204)
[ простой вид ]
| 000 -МАРКЕР | |
|---|---|
| контрольное поле | 01277nam2a22001931 4500 |
| 001 - ИДЕНТИФИКАТОР ЗАПИСИ | |
| контрольное поле | RU\NLR\A1SV\78704 |
| 005 - ИДЕНТИФИКАТОР ВЕРСИИ | |
| контрольное поле | 20251203152403.2 |
| 035 ## - ДРУГИЕ СИСТЕМНЫЕ НОМЕРА | |
| Идентификатор записи | (NLR Aleph) 009760159 |
| 100 ## - ДАННЫЕ ОБЩЕЙ ОБРАБОТКИ | |
| Данные общей обработки | 20070419d1922 u y0rusy50 ca |
| 101 0# - ЯЗЫК РЕСУРСА | |
| Язык текста, звукозаписи и т.д. | русский |
| 200 0# - ЗАГЛАВИЕ И СВЕДЕНИЯ ОБ ОТВЕТСТВЕННОСТИ | |
| Основное заглавие | Т.3 |
| 215 ## - ФИЗИЧЕСКАЯ ХАРАКТЕРИСТИКА | |
| Специфическое обозначение материала и объем | 196, [2] с. |
| 461 #1 - УРОВЕНЬ НАБОРА | |
| Встроенное поле | 001RU\NLR\A1SV\25230 |
| -- | 2000#$aСборник трудов Отделения Военно-научного общества при Военно-академических курсах высшего комсостава Р.К.-К.А.$e1921-1922$fВместо предисл.: отв. секр. ОВНО Ф.Судаков$vТ.3 |
| Системный номер (АБИС) связанной записи | 9826713 |
| Автор | Военно-академические курсы высшего комсостава Красной Армии (Москва). Отделение военно-науч. о-ва |
| Место публикации | М. |
| Дата публикации | 1922 |
| Первые сведения об ответственности | Вместо предисл.: отв. секр. ОВНО Ф.Судаков |
| Имя издателя, распространителя и т.д. | Высш. воен. ред. сов. |
| Сведения, относящиеся к заглавию | 1921-1922 |
| Заглавие | Сборник трудов Отделения Военно-научного общества при Военно-академических курсах высшего комсостава Р.К.-К.А. |
| Номер тома | Т.3 |
| 801 #0 - ИСТОЧНИК ЗАПИСИ | |
| Страна | Российская Федерация |
| Организация | NLR |
| Дата составления | 20070419 |
| 942 ## - ДОПОЛНИТЕЛЬНЫЕ ЭЛЕМЕНТЫ ЗАПИСИ (АБИС) | |
| Тип экземпляра АБИС | Книга |
| 980 ## - КОЛЛЕКЦИЯ | |
| Название коллекции | Международный сводный каталог русской книги (1918-1926) |
| 980 ## - КОЛЛЕКЦИЯ | |
| Название коллекции | Национальная библиография |
Нет доступных экземпляров.